000
00316nam a22001337a 4500
008
181205b xxu||||| |||| 00| 0 eng d
020
_a
9780892625512
041
_a
eng
080
_2
2nd
_a
610
100
_a
4
101
_a
SHM
245
_a
Introduction to Clinical Allied Healthcare
_c
Stevens,K
942
_2
udc
_c
BK
999
_c
52892
_d
52892